00467nam a22001337a 450000500170000000800410001704100130005808200160007110000130008724501610010026000230026130000240028465000250030820231129134010.0231129b |||||||| |||| 00| 0 eng d aEnglish  a340.06 FAC  lEnglish  aFaculty of Law : bOn the occasion of the 75th Anniversary of the Law Society of Namibia, Report on the Law Conference " Democratication of Southern Afric"  aWindhoek : c1996  b70 pages ; c22cm.  aLegal practice bLaw